Governments and politics of Southeast Asia

সংরক্ষণ করুন:
গ্রন্থ-পঞ্জীর বিবরন
বিন্যাস: গ্রন্থ
ভাষা:Undetermined
প্রকাশিত: Ithaca, New York Cornell University Press 1959
বিষয়গুলি:
ট্যাগগুলো: ট্যাগ যুক্ত করুন
কোনো ট্যাগ নেই, প্রথমজন হিসাবে ট্যাগ করুন!
Thư viện lưu trữ: Trung tâm Học liệu Trường Đại học Cần Thơ
LEADER 00521nam a2200181Ia 4500
001 CTU_93519
008 210402s9999 xx 000 0 und d
082 |a 320 
082 |b G721 
245 0 |a Governments and politics of Southeast Asia 
245 0 |c Edited by George McTurnan Kahin 
260 |a Ithaca, New York 
260 |b Cornell University Press 
260 |c 1959 
650 |a Social conditions 
650 |z Asia, southeastern 
904 |i Bằng 
980 |a Trung tâm Học liệu Trường Đại học Cần Thơ